[Event "DVM U16w 2021"]
[Site "Berlin GER"]
[Date "2022.05.02"]
[Round "6"]
[White "Gietzelt, Magdalena"]
[Black "Brewig, Bea Josephine"]
[Result "1-0"]
[Termination "normal"]
[Board "2.4"]
[WhiteElo "1014"]
[BlackElo "1152"]
[WhiteClock "00:06:29"]
[BlackClock "00:25:42"]
[WhiteTeam "Karlsruher SF 1853"]
[BlackTeam "Chemnitzer SC Aufbau95"]
[PlyCount "83"]
[WhiteFideId "16298403"]
[BlackFideId "16249313"]
[EventCountry "GER"]
[EventRounds "7"]
[EventType "team-swiss"]
[EventDate "2022.04.29"]

1. e4 {[%clk 1:30:59]} e5 {[%clk 1:30:52]} 2. Nf3 {[%clk 1:31:23]} Nc6 {[%clk
1:31:14]} 3. Bc4 {[%clk 1:31:42]} Nf6 {[%clk 1:31:35]} 4. Ng5 {[%clk 1:31:30]}
d5 {[%clk 1:31:40]} 5. exd5 {[%clk 1:31:25]} Na5 {[%clk 1:31:59]} 6. d3 {[%clk
1:31:22]} Nxc4 {[%clk 1:27:36]} 7. dxc4 {[%clk 1:31:28]} Bc5 {[%clk 1:23:39]}
8. O-O {[%clk 1:28:00]} h6 {[%clk 1:20:42]} 9. Nf3 {[%clk 1:27:23]} e4 {[%clk
1:18:35]} 10. Re1 {[%clk 1:23:52]} O-O {[%clk 1:17:21]} 11. Nd4 {[%clk
1:21:17]} c6 {[%clk 1:00:58]} 12. Nb3 {[%clk 1:12:19]} Bd6 {[%clk 0:51:54]} 13.
h3 {[%clk 1:11:21]} cxd5 {[%clk 0:50:03]} 14. cxd5 {[%clk 1:10:31]} Nxd5 {[%clk
0:48:32]} 15. Rxe4 {[%clk 1:08:37]} Be6 {[%clk 0:42:53]} 16. c4 {[%clk
1:05:53]} Nb6 {[%clk 0:41:03]} 17. Rd4 {[%clk 1:00:43]} Nxc4 {[%clk 0:38:38]}
18. Na3 {[%clk 1:00:03]} Qc7 {[%clk 0:22:12]} 19. Nb5 {[%clk 0:55:27]} Bh2+
{[%clk 0:21:21]} 20. Kh1 {[%clk 0:53:16]} Qe5 {[%clk 0:20:40]} 21. Nc3 {[%clk
0:46:23]} Qc7 {[%clk 0:15:28]} 22. Nb5 {[%clk 0:45:02]} Qb8 {[%clk 0:15:18]}
23. Nc5 {[%clk 0:28:54]} Qc8 {[%clk 0:10:46]} 24. Nxe6 {[%clk 0:28:54]} Be5
{[%clk 0:10:45]} 25. Qh5 {[%clk 0:19:22]} Qxe6 {[%clk 0:09:13]} 26. Re4 {[%clk
0:14:36]} f5 {[%clk 0:08:08]} 27. Nc7 {[%clk 0:14:28]} Qd6 {[%clk 0:07:18]} 28.
Rxc4 {[%clk 0:13:54]} g6 {[%clk 0:04:55]} 29. Qf3 {[%clk 0:13:19]} Rac8 {[%clk
0:04:16]} 30. Nb5 {[%clk 0:13:22]} Qd7 {[%clk 0:04:09]} 31. Qb3 {[%clk
0:13:27]} Rxc4 {[%clk 0:03:25]} 32. Be3 {[%clk 0:12:16]} Rfc8 {[%clk 0:02:34]}
33. Nxa7 {[%clk 0:11:30]} R8c7 {[%clk 0:02:50]} 34. Nb5 {[%clk 0:11:05]} Rc8
{[%clk 0:02:59]} 35. g3 {[%clk 0:10:59]} Bd6 {[%clk 0:03:06]} 36. Rd1 {[%clk
0:10:35]} Qe7 {[%clk 0:02:49]} 37. Nxd6 {[%clk 0:10:41]} Qc7 {[%clk 0:02:30]}
38. Bb6 {[%clk 0:10:10]} Qc6+ {[%clk 0:02:23]} 39. Kh2 {[%clk 0:10:13]} Kg7
{[%clk 0:02:36]} 40. Bd4+ {[%clk 0:07:42]} Kf8 {[%clk 0:00:33]} 41. Be3 {[%clk
0:06:29]} Rc2 {[%clk 0:25:42]} 42. Qf7# 1-0

[Event "DVM U16w 2021"]
[Site "Berlin GER"]
[Date "2022.05.02"]
[Round "6"]
[White "Gröschel, Karoline"]
[Black "Orlova, Alicia"]
[Result "0-1"]
[Termination "normal"]
[Board "3.1"]
[WhiteElo "1645"]
[BlackElo "1723"]
[WhiteClock "00:14:36"]
[BlackClock "00:03:55"]
[WhiteTeam "SK Landau"]
[BlackTeam "Schachgemeinschaft Porz e. V. 1"]
[PlyCount "74"]
[WhiteFideId "34610537"]
[BlackFideId "34154563"]
[EventCountry "GER"]
[EventRounds "7"]
[EventType "team-swiss"]
[EventDate "2022.04.29"]

1. e4 {[%clk 1:30:58]} e5 {[%clk 1:30:55]} 2. Nf3 {[%clk 1:31:22]} Nc6 {[%clk
1:31:11]} 3. Bb5 {[%clk 1:31:47]} a6 {[%clk 1:31:28]} 4. Ba4 {[%clk 1:32:12]}
Nf6 {[%clk 1:31:40]} 5. O-O {[%clk 1:32:33]} b5 {[%clk 1:31:33]} 6. Bb3 {[%clk
1:32:57]} Be7 {[%clk 1:31:20]} 7. Re1 {[%clk 1:33:20]} d6 {[%clk 1:30:44]} 8.
c3 {[%clk 1:33:45]} O-O {[%clk 1:30:45]} 9. h3 {[%clk 1:34:12]} Nb8 {[%clk
1:30:21]} 10. d4 {[%clk 1:34:36]} Nbd7 {[%clk 1:30:32]} 11. Nbd2 {[%clk
1:34:45]} Bb7 {[%clk 1:29:27]} 12. Bc2 {[%clk 1:34:52]} Re8 {[%clk 1:27:32]}
13. Nf1 {[%clk 1:35:17]} Bf8 {[%clk 1:25:02]} 14. Ng3 {[%clk 1:35:42]} exd4
{[%clk 1:09:24]} 15. cxd4 {[%clk 1:34:00]} c5 {[%clk 1:04:46]} 16. Bf4 {[%clk
1:18:34]} c4 {[%clk 0:57:52]} 17. Qd2 {[%clk 1:08:00]} a5 {[%clk 0:39:59]} 18.
b3 {[%clk 1:04:17]} d5 {[%clk 0:35:56]} 19. e5 {[%clk 1:02:33]} Bb4 {[%clk
0:33:55]} 20. Qd1 {[%clk 0:59:13]} Bxe1 {[%clk 0:33:24]} 21. Qxe1 {[%clk
0:59:02]} Ne4 {[%clk 0:31:18]} 22. Nxe4 {[%clk 0:57:16]} dxe4 {[%clk 0:31:39]}
23. Bxe4 {[%clk 0:55:14]} Bxe4 {[%clk 0:31:51]} 24. Qxe4 {[%clk 0:55:36]} Nf8
{[%clk 0:20:45]} 25. bxc4 {[%clk 0:52:45]} bxc4 {[%clk 0:19:59]} 26. d5 {[%clk
0:52:39]} Rc8 {[%clk 0:19:34]} 27. Nd4 {[%clk 0:52:18]} Ng6 {[%clk 0:14:11]}
28. Bg3 {[%clk 0:51:10]} Rc5 {[%clk 0:10:08]} 29. Rc1 {[%clk 0:33:11]} Rxd5
{[%clk 0:09:05]} 30. Rxc4 {[%clk 0:25:19]} Nxe5 {[%clk 0:08:23]} 31. Bxe5
{[%clk 0:23:21]} Rdxe5 {[%clk 0:07:11]} 32. Qg4 {[%clk 0:23:40]} Re4 {[%clk
0:04:55]} 33. Qf5 {[%clk 0:14:40]} Rxd4 {[%clk 0:04:54]} 34. Rc3 {[%clk
0:14:54]} g6 {[%clk 0:03:50]} 35. Qc2 {[%clk 0:14:34]} Rd2 {[%clk 0:03:35]} 36.
Qb3 {[%clk 0:14:13]} Rd1+ {[%clk 0:03:43]} 37. Kh2 {[%clk 0:14:36]} Qb8+ {[%clk
0:03:55]} 0-1

[Event "DVM U16w 2021"]
[Site "Berlin GER"]
[Date "2022.05.02"]
[Round "6"]
[White "Ramien, Hannah"]
[Black "Sarian, Gaya"]
[Result "0-1"]
[Termination "normal"]
[Board "3.2"]
[WhiteElo "1338"]
[BlackElo "1154"]
[WhiteClock "00:02:56"]
[BlackClock "00:30:11"]
[WhiteTeam "Schachgemeinschaft Porz e. V. 1"]
[BlackTeam "SK Landau"]
[PlyCount "84"]
[WhiteFideId "16209982"]
[BlackFideId "16266161"]
[EventCountry "GER"]
[EventRounds "7"]
[EventType "team-swiss"]
[EventDate "2022.04.29"]

1. e4 {[%clk 1:30:58]} e5 {[%clk 1:30:50]} 2. Nf3 {[%clk 1:31:26]} Nc6 {[%clk
1:30:45]} 3. Bc4 {[%clk 1:31:52]} Bc5 {[%clk 1:30:58]} 4. c3 {[%clk 1:32:16]}
Nf6 {[%clk 1:31:06]} 5. d3 {[%clk 1:32:41]} a6 {[%clk 1:30:04]} 6. Bb3 {[%clk
1:33:05]} Ba7 {[%clk 1:28:34]} 7. Nbd2 {[%clk 1:33:19]} O-O {[%clk 1:28:35]} 8.
Nf1 {[%clk 1:33:10]} d6 {[%clk 1:25:25]} 9. Ng3 {[%clk 1:33:23]} h6 {[%clk
1:19:12]} 10. O-O {[%clk 1:33:31]} Na5 {[%clk 1:15:03]} 11. Bc2 {[%clk
1:33:31]} Be6 {[%clk 1:13:09]} 12. h3 {[%clk 1:30:32]} Nc6 {[%clk 1:11:04]} 13.
Nh4 {[%clk 1:29:28]} Nxe4 {[%clk 1:02:04]} 14. Ngf5 {[%clk 1:05:18]} Nf6 {[%clk
0:48:46]} 15. Qf3 {[%clk 1:00:33]} Kh8 {[%clk 0:31:30]} 16. Ba4 {[%clk
0:52:15]} Qd7 {[%clk 0:22:53]} 17. Nxh6 {[%clk 0:19:10]} Bd5 {[%clk 0:15:12]}
18. Bxc6 {[%clk 0:18:43]} Bxc6 {[%clk 0:15:08]} 19. Qf5 {[%clk 0:19:01]} Qxf5
{[%clk 0:10:24]} 20. N6xf5 {[%clk 0:18:35]} g6 {[%clk 0:06:59]} 21. Ng3 {[%clk
0:16:18]} Kg7 {[%clk 0:06:36]} 22. Be3 {[%clk 0:10:46]} Rh8 {[%clk 0:06:14]}
23. Bg5 {[%clk 0:03:36]} Nd7 {[%clk 0:06:07]} 24. Nf3 {[%clk 0:01:52]} Bxf3
{[%clk 0:06:27]} 25. gxf3 {[%clk 0:02:22]} Rxh3 {[%clk 0:05:59]} 26. Kg2 {[%clk
0:02:48]} Rhh8 {[%clk 0:03:24]} 27. Rad1 {[%clk 0:02:29]} f6 {[%clk 0:03:28]}
28. Bc1 {[%clk 0:02:10]} Rh4 {[%clk 0:01:46]} 29. Rh1 {[%clk 0:02:06]} Rxh1
{[%clk 0:01:55]} 30. Rxh1 {[%clk 0:02:35]} Rh8 {[%clk 0:01:40]} 31. Rxh8 {[%clk
0:02:01]} Kxh8 {[%clk 0:02:10]} 32. Ne4 {[%clk 0:01:40]} Kg7 {[%clk 0:02:18]}
33. Kg3 {[%clk 0:01:49]} d5 {[%clk 0:01:39]} 34. Nd2 {[%clk 0:02:10]} Nc5
{[%clk 0:01:51]} 35. d4 {[%clk 0:02:03]} Nd3 {[%clk 0:02:06]} 36. Nb3 {[%clk
0:02:10]} Nxc1 {[%clk 0:02:31]} 37. Nxc1 {[%clk 0:02:32]} exd4 {[%clk 0:02:51]}
38. cxd4 {[%clk 0:03:01]} Bxd4 39. b3 {[%clk 0:03:20]} Be5+ {[%clk 0:02:29]}
40. f4 {[%clk 0:03:28]} Bd6 {[%clk 0:02:41]} 41. Kf3 {[%clk 0:03:47]} Kf7
{[%clk 0:02:26]} 42. Nd3 {[%clk 0:02:56]} Ke6 {[%clk 0:30:11]} 0-1

[Event "DVM U16w 2021"]
[Site "Berlin GER"]
[Date "2022.05.02"]
[Round "6"]
[White "Steinlechner, Katja"]
[Black "Sinner, Joselyne"]
[Result "0-1"]
[Termination "normal"]
[Board "3.3"]
[WhiteElo "1317"]
[BlackElo "1431"]
[WhiteClock "00:04:23"]
[BlackClock "00:02:05"]
[WhiteTeam "SK Landau"]
[BlackTeam "Schachgemeinschaft Porz e. V. 1"]
[PlyCount "122"]
[WhiteFideId "16265173"]
[BlackFideId "16210387"]
[EventCountry "GER"]
[EventRounds "7"]
[EventType "team-swiss"]
[EventDate "2022.04.29"]

1. d4 {[%clk 1:30:56]} Nf6 {[%clk 1:30:57]} 2. Bf4 {[%clk 1:31:10]} g6 {[%clk
1:31:21]} 3. Nc3 {[%clk 1:30:44]} d5 {[%clk 1:31:28]} 4. Nf3 {[%clk 1:26:53]}
Bg7 {[%clk 1:31:20]} 5. Qd2 {[%clk 1:26:05]} Ne4 {[%clk 1:25:06]} 6. Nxe4
{[%clk 1:19:13]} dxe4 {[%clk 1:25:25]} 7. Ng5 {[%clk 1:17:42]} Qxd4 {[%clk
1:15:40]} 8. Qxd4 {[%clk 1:17:14]} Bxd4 {[%clk 1:15:59]} 9. c3 {[%clk 1:16:23]}
Bb6 {[%clk 1:12:28]} 10. Nxe4 {[%clk 1:11:52]} Nc6 {[%clk 1:12:32]} 11. e3
{[%clk 1:03:49]} O-O {[%clk 1:02:51]} 12. O-O-O {[%clk 1:02:12]} Kg7 {[%clk
0:59:47]} 13. Bc4 {[%clk 0:56:21]} f5 {[%clk 0:55:28]} 14. Ng5 {[%clk 0:51:17]}
e5 {[%clk 0:54:45]} 15. Bg3 {[%clk 0:50:34]} h6 {[%clk 0:50:11]} 16. Ne6+
{[%clk 0:43:17]} Bxe6 {[%clk 0:50:32]} 17. Bxe6 {[%clk 0:42:22]} f4 {[%clk
0:48:49]} 18. exf4 {[%clk 0:40:00]} exf4 {[%clk 0:49:05]} 19. Bxf4 {[%clk
0:37:20]} Rxf4 {[%clk 0:49:24]} 20. Rd7+ {[%clk 0:35:27]} Kh8 {[%clk 0:46:05]}
21. f3 {[%clk 0:31:41]} Rff8 {[%clk 0:41:57]} 22. Rhd1 {[%clk 0:30:02]} Rad8
{[%clk 0:40:45]} 23. b4 {[%clk 0:26:05]} Rxd7 {[%clk 0:39:09]} 24. Rxd7 {[%clk
0:25:59]} Be3+ {[%clk 0:32:07]} 25. Kc2 {[%clk 0:25:31]} Bf4 {[%clk 0:31:59]}
26. g3 {[%clk 0:24:30]} Bd6 {[%clk 0:31:35]} 27. f4 {[%clk 0:22:03]} g5 {[%clk
0:27:07]} 28. Rf7 {[%clk 0:21:01]} Rxf7 {[%clk 0:27:15]} 29. Bxf7 {[%clk
0:21:20]} gxf4 {[%clk 0:27:41]} 30. gxf4 {[%clk 0:21:17]} Bxf4 {[%clk 0:28:07]}
31. h3 {[%clk 0:21:21]} Ne5 {[%clk 0:27:28]} 32. Be6 {[%clk 0:20:41]} Kg7
{[%clk 0:27:06]} 33. a4 {[%clk 0:20:21]} Kf6 {[%clk 0:26:05]} 34. Bc8 {[%clk
0:19:41]} b6 {[%clk 0:26:16]} 35. Bb7 {[%clk 0:19:33]} Nc4 {[%clk 0:20:50]} 36.
Kb3 {[%clk 0:18:01]} Nd6 {[%clk 0:20:40]} 37. Bc6 {[%clk 0:17:42]} Kg5 {[%clk
0:18:19]} 38. Bd7 {[%clk 0:17:24]} Ne4 {[%clk 0:18:03]} 39. Kc4 {[%clk
0:17:04]} Nf2 {[%clk 0:15:37]} 40. a5 {[%clk 0:16:54]} Ne4 {[%clk 0:13:02]} 41.
axb6 {[%clk 0:15:57]} axb6 {[%clk 0:12:24]} 42. Kd4 {[%clk 0:15:31]} Nf2 {[%clk
0:09:43]} 43. c4 {[%clk 0:15:21]} Kh4 {[%clk 0:09:14]} 44. c5 {[%clk 0:14:44]}
bxc5+ {[%clk 0:09:27]} 45. bxc5 {[%clk 0:14:28]} Nxh3 {[%clk 0:09:36]} 46. Ke4
{[%clk 0:14:27]} Bg3 {[%clk 0:08:32]} 47. Kf3 {[%clk 0:14:05]} Nf4 {[%clk
0:06:08]} 48. c6 {[%clk 0:13:54]} Nd5 {[%clk 0:03:29]} 49. Kg2 {[%clk 0:13:28]}
Be5 {[%clk 0:03:05]} 50. Kh1 {[%clk 0:12:28]} Kg3 {[%clk 0:02:38]} 51. Kg1
{[%clk 0:11:57]} h5 {[%clk 0:02:49]} 52. Bc8 {[%clk 0:09:44]} Ne3 {[%clk
0:01:27]} 53. Kh1 {[%clk 0:08:27]} h4 {[%clk 0:01:15]} 54. Bd7 {[%clk 0:05:21]}
h3 {[%clk 0:00:43]} 55. Bxh3 {[%clk 0:02:44]} Kxh3 {[%clk 0:01:09]} 56. Kg1
{[%clk 0:03:01]} Kg3 {[%clk 0:01:32]} 57. Kh1 {[%clk 0:03:17]} Kf3 {[%clk
0:00:39]} 58. Kg1 {[%clk 0:03:36]} Bg3 59. Kh1 {[%clk 0:03:54]} Ke4 {[%clk
0:01:22]} 60. Kg1 {[%clk 0:04:13]} Kd5 {[%clk 0:01:49]} 61. Kh1 {[%clk
0:04:23]} Kxc6 {[%clk 0:02:05]} 0-1

[Event "DVM U16w 2021"]
[Site "Berlin GER"]
[Date "2022.05.02"]
[Round "6"]
[White "Brandt, Greta"]
[Black "Lang, Elli"]
[Result "1-0"]
[Termination "normal"]
[Board "3.4"]
[WhiteElo "1458"]
[BlackElo "1005"]
[WhiteClock "00:39:00"]
[BlackClock "00:24:38"]
[WhiteTeam "Schachgemeinschaft Porz e. V. 1"]
[BlackTeam "SK Landau"]
[PlyCount "121"]
[WhiteFideId "34605860"]
[BlackFideId "34620630"]
[EventCountry "GER"]
[EventRounds "7"]
[EventType "team-swiss"]
[EventDate "2022.04.29"]

1. c4 {[%clk 1:30:57]} e6 {[%clk 1:30:24]} 2. e4 {[%clk 1:31:18]} c6 {[%clk
1:29:12]} 3. Nc3 {[%clk 1:31:05]} Bb4 {[%clk 1:28:04]} 4. a3 {[%clk 1:27:57]}
Ba5 {[%clk 1:26:30]} 5. g3 {[%clk 1:24:55]} Nf6 {[%clk 1:25:51]} 6. e5 {[%clk
1:24:50]} Bxc3 {[%clk 1:20:05]} 7. bxc3 {[%clk 1:22:21]} Ne4 {[%clk 1:18:11]}
8. Qg4 {[%clk 1:18:23]} Nc5 {[%clk 1:10:28]} 9. Qxg7 {[%clk 1:17:31]} Rf8
{[%clk 1:07:45]} 10. Qxh7 {[%clk 1:16:01]} f6 {[%clk 1:01:37]} 11. Qg6+ {[%clk
1:14:16]} Rf7 {[%clk 0:55:13]} 12. Be2 {[%clk 1:11:30]} Ke7 {[%clk 0:48:29]}
13. Bh5 {[%clk 1:09:38]} Qf8 {[%clk 0:47:12]} 14. Qxf7+ {[%clk 1:09:37]} Qxf7
{[%clk 0:47:34]} 15. Bxf7 {[%clk 1:10:02]} Kxf7 {[%clk 0:47:57]} 16. exf6
{[%clk 1:09:56]} Kxf6 {[%clk 0:48:04]} 17. h4 {[%clk 1:09:19]} Ne4 {[%clk
0:46:28]} 18. g4 {[%clk 1:07:18]} d5 {[%clk 0:42:35]} 19. f3 {[%clk 1:06:37]}
Nd6 {[%clk 0:42:25]} 20. cxd5 {[%clk 1:05:50]} cxd5 {[%clk 0:42:42]} 21. d3
{[%clk 1:05:49]} Nc6 {[%clk 0:41:06]} 22. g5+ {[%clk 1:05:28]} Kg7 {[%clk
0:40:43]} 23. h5 {[%clk 1:05:31]} Ne7 {[%clk 0:39:18]} 24. Ra2 {[%clk 1:03:47]}
Bd7 {[%clk 0:38:25]} 25. Bf4 {[%clk 1:01:22]} Nf7 {[%clk 0:37:13]} 26. Rb2
{[%clk 1:00:22]} b5 {[%clk 0:35:19]} 27. g6 {[%clk 0:59:23]} Nh8 {[%clk
0:34:41]} 28. Be5+ {[%clk 0:59:04]} Kg8 {[%clk 0:34:51]} 29. Bxh8 {[%clk
0:59:11]} Kxh8 {[%clk 0:35:09]} 30. Rg2 {[%clk 0:59:32]} Rg8 {[%clk 0:34:27]}
31. Kd2 {[%clk 0:56:15]} e5 {[%clk 0:34:33]} 32. d4 {[%clk 0:55:28]} e4 {[%clk
0:34:06]} 33. fxe4 {[%clk 0:55:38]} dxe4 {[%clk 0:34:30]} 34. Rhh2 {[%clk
0:47:12]} Bf5 {[%clk 0:33:08]} 35. Rg5 {[%clk 0:43:06]} a6 {[%clk 0:32:21]} 36.
Rf2 {[%clk 0:42:35]} Be6 {[%clk 0:27:39]} 37. Re5 {[%clk 0:42:11]} Nxg6 {[%clk
0:26:47]} 38. hxg6 {[%clk 0:41:04]} Rxg6 {[%clk 0:27:03]} 39. Ne2 {[%clk
0:40:10]} Bc4 {[%clk 0:25:47]} 40. Rxe4 {[%clk 0:39:49]} a5 {[%clk 0:25:50]}
41. Re3 {[%clk 0:38:53]} Kg7 {[%clk 0:25:19]} 42. Rg3 {[%clk 0:38:58]} Bg8
{[%clk 0:24:55]} 43. Rxg6+ {[%clk 0:39:12]} Kxg6 {[%clk 0:24:38]} 44. Rg2+
{[%clk 0:39:33]} Kh7 {[%clk 0:24:52]} 45. Ke3 {[%clk 0:37:00]} Bd5 {[%clk
0:24:38]} 46. Rg5 {[%clk 0:36:42]} Bc4 {[%clk 0:24:00]} 47. d5 {[%clk 0:36:53]}
Kh6 {[%clk 0:23:51]} 48. Re5 {[%clk 0:37:09]} Kg7 {[%clk 0:23:37]} 49. d6
{[%clk 0:37:19]} Kf7 {[%clk 0:23:30]} 50. d7 {[%clk 0:37:30]} Kf6 {[%clk
0:23:11]} 51. Re4 {[%clk 0:37:15]} Kf5 {[%clk 0:23:00]} 52. d8=Q {[%clk
0:37:28]} Bf7 {[%clk 0:22:57]} 53. Qf8 {[%clk 0:37:05]} Kg6 {[%clk 0:23:12]}
54. Rg4+ {[%clk 0:37:26]} Kf6 {[%clk 0:23:04]} 55. Rf4+ {[%clk 0:37:48]} Ke6
{[%clk 0:23:23]} 56. Qxf7+ {[%clk 0:38:11]} Kd6 {[%clk 0:23:25]} 57. Qh5 {[%clk
0:38:07]} Kc6 {[%clk 0:23:50]} 58. Rf6+ {[%clk 0:38:30]} Kd7 {[%clk 0:24:03]}
59. Qh7+ {[%clk 0:38:54]} Ke8 {[%clk 0:24:25]} 60. Ra6 {[%clk 0:39:00]} Kf8
{[%clk 0:24:38]} 61. Ra8# 1-0

[Event "DVM U16w 2021"]
[Site "Berlin GER"]
[Date "2022.05.02"]
[Round "6"]
[White "Jacobasch, Ronja"]
[Black "Hubert, Charlotte"]
[Result "0-1"]
[Termination "normal"]
[Board "4.1"]
[WhiteElo "1441"]
[BlackElo "1692"]
[WhiteClock "00:01:42"]
[BlackClock "00:04:52"]
[WhiteTeam "Schachgemeinschaft Leipzig"]
[BlackTeam "Hamburger SK von 1830 eV"]
[PlyCount "70"]
[WhiteFideId "34604340"]
[BlackFideId "16265920"]
[EventCountry "GER"]
[EventRounds "7"]
[EventType "team-swiss"]
[EventDate "2022.04.29"]

1. Nf3 {[%clk 1:30:59]} d5 {[%clk 1:30:52]} 2. g3 {[%clk 1:31:21]} c5 {[%clk
1:31:16]} 3. Bg2 {[%clk 1:31:37]} Nc6 {[%clk 1:31:37]} 4. O-O {[%clk 1:31:52]}
e5 {[%clk 1:31:50]} 5. d3 {[%clk 1:31:55]} Be7 {[%clk 1:32:06]} 6. c4 {[%clk
1:25:57]} Nf6 {[%clk 1:23:59]} 7. cxd5 {[%clk 1:20:58]} Nxd5 {[%clk 1:24:17]}
8. Nc3 {[%clk 1:20:06]} Be6 {[%clk 1:23:24]} 9. Bd2 {[%clk 1:16:36]} O-O {[%clk
1:22:00]} 10. Rc1 {[%clk 1:13:10]} f6 {[%clk 1:19:06]} 11. a3 {[%clk 1:08:26]}
Rc8 {[%clk 1:16:28]} 12. Ne4 {[%clk 1:02:24]} b6 {[%clk 1:13:45]} 13. Re1
{[%clk 0:54:03]} Qd7 {[%clk 1:06:22]} 14. Bc3 {[%clk 0:51:55]} h6 {[%clk
0:50:22]} 15. Ned2 {[%clk 0:44:41]} Rfd8 {[%clk 0:46:30]} 16. a4 {[%clk
0:36:26]} Nxc3 {[%clk 0:42:30]} 17. Rxc3 {[%clk 0:33:06]} c4 {[%clk 0:35:25]}
18. Qb1 {[%clk 0:20:20]} Bb4 {[%clk 0:34:02]} 19. Rcc1 {[%clk 0:18:15]} cxd3
{[%clk 0:18:45]} 20. exd3 {[%clk 0:16:17]} Bf5 {[%clk 0:17:06]} 21. Red1 {[%clk
0:11:57]} Nd4 {[%clk 0:14:01]} 22. Rxc8 {[%clk 0:07:28]} Rxc8 {[%clk 0:13:30]}
23. Nxd4 {[%clk 0:07:11]} Qxd4 {[%clk 0:13:35]} 24. Be4 {[%clk 0:05:23]} Bc5
{[%clk 0:11:38]} 25. Rf1 {[%clk 0:04:09]} Bh3 {[%clk 0:11:33]} 26. Bg2 {[%clk
0:03:21]} Bxg2 {[%clk 0:11:54]} 27. Kxg2 {[%clk 0:03:48]} Rd8 {[%clk 0:06:46]}
28. Nf3 {[%clk 0:01:49]} Qxd3 {[%clk 0:06:07]} 29. Qxd3 {[%clk 0:02:01]} Rxd3
{[%clk 0:06:31]} 30. Rc1 {[%clk 0:01:23]} e4 {[%clk 0:05:50]} 31. Ne1 {[%clk
0:01:17]} Rd2 {[%clk 0:05:25]} 32. Rc2 {[%clk 0:01:22]} e3 {[%clk 0:05:31]} 33.
Kf1 {[%clk 0:01:19]} e2+ {[%clk 0:04:34]} 34. Kg1 {[%clk 0:01:19]} Rxc2 {[%clk
0:04:52]} 35. Nxc2 {[%clk 0:01:42]} Bb4 0-1

[Event "DVM U16w 2021"]
[Site "Berlin GER"]
[Date "2022.05.02"]
[Round "6"]
[White "Wu, Yvonne Yihan"]
[Black "Halas, Neele Zoe"]
[Result "0-1"]
[Termination "normal"]
[Board "4.2"]
[WhiteElo "1263"]
[BlackElo "1422"]
[WhiteClock "00:34:12"]
[BlackClock "01:45:46"]
[WhiteTeam "Hamburger SK von 1830 eV"]
[BlackTeam "Schachgemeinschaft Leipzig"]
[PlyCount "124"]
[WhiteFideId "16298330"]
[BlackFideId "16287282"]
[EventCountry "GER"]
[EventRounds "7"]
[EventType "team-swiss"]
[EventDate "2022.04.29"]

1. e4 {[%clk 1:30:59]} e5 {[%clk 1:30:52]} 2. Nf3 {[%clk 1:31:25]} Nc6 {[%clk
1:31:19]} 3. Bc4 {[%clk 1:31:51]} Bc5 {[%clk 1:31:44]} 4. c3 {[%clk 1:32:16]}
Nf6 {[%clk 1:32:08]} 5. d4 {[%clk 1:32:42]} exd4 {[%clk 1:32:34]} 6. e5 {[%clk
1:33:01]} d5 {[%clk 1:32:57]} 7. Bb5 {[%clk 1:33:21]} Ne4 {[%clk 1:33:19]} 8.
cxd4 {[%clk 1:33:38]} Bb6 {[%clk 1:33:38]} 9. Bxc6+ {[%clk 1:31:20]} bxc6
{[%clk 1:33:59]} 10. Nc3 {[%clk 1:29:13]} Bg4 {[%clk 1:33:25]} 11. Be3 {[%clk
1:27:18]} O-O {[%clk 1:32:52]} 12. O-O {[%clk 1:21:55]} f6 {[%clk 1:31:51]} 13.
exf6 {[%clk 1:20:35]} Qxf6 {[%clk 1:31:53]} 14. Rc1 {[%clk 1:05:17]} Nxc3
{[%clk 1:31:33]} 15. Rxc3 {[%clk 0:58:45]} Bxf3 {[%clk 1:30:30]} 16. Qxf3
{[%clk 0:58:41]} Qxf3 {[%clk 1:30:06]} 17. gxf3 {[%clk 0:59:02]} Rxf3 {[%clk
1:29:23]} 18. Rxc6 {[%clk 0:58:25]} Raf8 {[%clk 1:28:20]} 19. Re6 {[%clk
0:57:30]} R8f6 {[%clk 1:27:28]} 20. Re5 {[%clk 0:54:07]} R3f5 {[%clk 1:27:03]}
21. Rxf5 {[%clk 0:41:24]} Rxf5 {[%clk 1:27:22]} 22. Rc1 {[%clk 0:40:31]} Rf6
{[%clk 1:26:38]} 23. b4 {[%clk 0:38:20]} Rg6+ {[%clk 1:26:15]} 24. Kf1 {[%clk
0:34:50]} Kf7 {[%clk 1:24:10]} 25. a4 {[%clk 0:34:37]} c6 {[%clk 1:23:19]} 26.
f3 {[%clk 0:30:34]} Re6 {[%clk 1:22:12]} 27. Re1 {[%clk 0:29:53]} Kg6 {[%clk
1:21:15]} 28. Bf2 {[%clk 0:25:35]} Rxe1+ {[%clk 1:21:02]} 29. Kxe1 {[%clk
0:26:00]} a6 {[%clk 1:16:19]} 30. Kf1 {[%clk 0:24:11]} Kf5 {[%clk 1:15:27]} 31.
Be3 {[%clk 0:24:04]} Bc7 {[%clk 1:15:11]} 32. Kg2 {[%clk 0:19:57]} Bf4 {[%clk
1:14:19]} 33. Bxf4 {[%clk 0:17:35]} Kxf4 {[%clk 1:14:39]} 34. Kf2 {[%clk
0:17:24]} h6 {[%clk 1:14:23]} 35. Ke2 {[%clk 0:15:39]} h5 {[%clk 1:14:02]} 36.
Kf2 {[%clk 0:15:24]} g5 {[%clk 1:08:45]} 37. h3 {[%clk 0:11:30]} g4 {[%clk
1:08:39]} 38. fxg4 {[%clk 0:09:02]} hxg4 {[%clk 1:09:01]} 39. hxg4 {[%clk
0:09:20]} Kxg4 {[%clk 1:09:25]} 40. Ke3 {[%clk 0:09:12]} Kg3 {[%clk 1:09:43]}
41. Ke2 {[%clk 0:06:31]} Kf4 {[%clk 1:10:04]} 42. Kd3 {[%clk 0:06:40]} Kf3
{[%clk 1:10:28]} 43. a5 {[%clk 0:03:08]} Kf4 {[%clk 1:10:30]} 44. Kd2 {[%clk
0:01:47]} Ke4 {[%clk 1:10:53]} 45. Kc3 {[%clk 0:02:11]} Ke3 {[%clk 1:11:19]}
46. Kb3 {[%clk 0:29:30]} Kxd4 {[%clk 1:41:40]} 47. b5 {[%clk 0:29:45]} cxb5
{[%clk 1:41:03]} 48. Kb4 {[%clk 0:30:05]} Ke3 {[%clk 1:41:18]} 49. Kc5 {[%clk
0:30:30]} d4 {[%clk 1:41:44]} 50. Kb6 {[%clk 0:30:56]} d3 {[%clk 1:41:59]} 51.
Kxa6 {[%clk 0:31:17]} d2 {[%clk 1:42:22]} 52. Kb6 {[%clk 0:31:26]} d1=Q {[%clk
1:42:40]} 53. a6 {[%clk 0:31:50]} Qd6+ {[%clk 1:42:52]} 54. Kb7 {[%clk
0:32:06]} Qxa6+ {[%clk 1:42:56]} 55. Kxa6 {[%clk 0:32:26]} b4 {[%clk 1:43:22]}
56. Ka5 {[%clk 0:32:29]} b3 {[%clk 1:43:47]} 57. Ka4 {[%clk 0:32:46]} b2 {[%clk
1:44:11]} 58. Ka3 {[%clk 0:33:01]} b1=Q {[%clk 1:44:30]} 59. Ka4 {[%clk
0:33:29]} Qb6 {[%clk 1:44:41]} 60. Ka3 {[%clk 0:33:37]} Kd3 {[%clk 1:45:01]}
61. Ka2 {[%clk 0:33:47]} Kc3 {[%clk 1:45:23]} 62. Ka1 {[%clk 0:34:12]} Qb2#
{[%clk 1:45:46]} 0-1